000 02194cam a22004454i 4500
003 PE-LiUPU
005 20250731173007.0
008 150616s r 000 0 d
035 _a(Sirsi) a2224
040 _aPE-LiUPU
_bspa
_cPE-LiUPU
_erda
049 _aPRUA
082 0 4 _a268
_bF93
_221
110 2 _aF.T.D.
245 1 0 _aManual del doctrina cristiana :
_bpara uso de las clases de enseñanza superior y cursos de perseverancia.
264 1 _aMexico :
_bF.T.D.,
_c1922.
300 _a316 páginas :
_bilustraciones ;
_c19 cm
336 _atext
_2rdacontent
337 _aunmediated
_2rdamedia
338 _avolume
_2rdacarrier
505 0 _aSímbolo de los apóstoles - Dios -- Los misterios - La Sma. Trinidad -- Los santos Angeles -- El hombre -- La caída de Adán y Eva -- El Redentor -- La crucifixión de Jesucristo -- La resurrección de Jesús -- La ascención de N. S. J. C -- El Espíritu Santo -- La iglesia -- El perdón de los pecados y resurrección de la carne -- El juicio -- El paraíso -- El purgatorio -- El infierno -- Mandamientos de la ley de Dios -- Virtudes teologales - La fe -- Pecado en general -- Gracia habitual -- Gracia actual -- Sacramentos en general -- Bautismo -- Confirmación -- Santo sacrificio de la misa -- Comunión -- La penitencia -- La confesión -- La absolución -- Sacramento del orden -- Sacramento del matrimonio -- Oración -- Devoción a María santísima -- Devoción a san José.
526 _aSEG42
526 _aSEG41
526 _aSEG40
526 _aSEG39
526 _aP94
526 _aP87
526 _aP86
526 _aP85
526 _aP77
526 _aP76
526 _aP35
650 0 4 _aEducación cristiana.
910 _ajck
_bjvq
_cjck
942 _2ddc
_cBOOK
949 _a268 F93
_wDEWEY
_c1
_i04672
_lCCODEBUL1
_mBUL
_p00.00
_r0
_sY
_tBOOK
_u2015-04-23
_xTEOLOGIA
_zUNKNOWN
_0COMPRA
_o.STAFF. Colección General
994 _aC0
_bPEPRU
596 _a1
999 _a268 F93
_wDEWEY
_c22789
_i04672
_f2021-11-12
_g5
_lCCODEBUL1
_mBUL
_r0
_sY
_tBOOK
_u2015-4-23
_xTEOLOGIA
_zUNKNOWN
_0COMPRA
_o.STAFF. Colección General
_d22789
980 _81
_gALBERTO SANCHEZ Responsable de Automatización